|
|
|
|
| LEADER |
00000nam a22000007a 4500 |
| 005 |
2018040608568.0 |
| 007 |
cr|||| |||| |
| 008 |
180406s2017 es |||||s|||| 00||0 spa d |
| 020 |
|
|
|a 978-84-7351-596-2
|
| 035 |
|
|
|a 21335
|
| 040 |
|
|
|a vLex
|
| 090 |
|
|
|c 7683
|d 7683
|
| 100 |
1 |
|
|a Encabo Valenciano, Mara̕ Pilar
|
| 245 |
1 |
3 |
|a Los lm̕ites del territorio y los territorios sin lm̕ites
|h [Recurso electrn̤ico] /
|c Mara̕ Pilar Encabo Valenciano
|
| 256 |
|
|
|a Servicio en ln̕ea
|
| 260 |
|
|
|a Madrid:
|b Instituto Nacional de Administracin̤ Pb︢lica (INAP),
|c 2017
|
| 300 |
|
|
|a 1 recurso electrn̤ico
|
| 506 |
1 |
|
|a Disponible solo en los productos indicados
|d vLex Global
|d vLex Global (Academic Edition, excluding Law Schools)
|d vLex Global (U.S. Academic Edition, Law Schools)
|d vLex Global (U.S. Academic Edition, excluding Law Schools)
|d vLex Global (Academic Edition, Law Schools)
|
| 650 |
0 |
4 |
|a Derecho Pb︢lico y Administrativo
|z Espaą
|
| 740 |
0 |
|
|a vLex Libros (Servicio en ln̕ea)
|
| 856 |
4 |
0 |
|u http://vlex.com/source/limites-del-territorio-y-los-territorios-sin-limites-21335
|z Acceso restringido
|
| 942 |
|
|
|c BOOK
|
| 999 |
0 |
|
|a Public and Administrative Law
|